| 000 | 00483nam a2200145Ia 4500 | ||
|---|---|---|---|
| 003 | GCL | ||
| 008 | 140319s9999 xx 000 0 ara d | ||
| 040 |
_aGCL / _cGCL |
||
| 082 | 0 | 4 |
_a343.094 _bع ق |
| 245 | 1 | 0 |
_aقانون الطرق العامة : _bوالاعلانات والقوانين المكملة له |
| 300 |
_a300 ص ؛ _c17 سم |
||
| 650 | 0 | 4 | _aالطرق - قوانين وتشريعات |
| 650 | 0 | 4 | _aالاعلانات - قوانين وتشريعات |
| 942 |
_2ddc _cBK |
||
| 999 |
_c6350 _d6350 |
||